[Event "World Blitz Women 2025"]
[Site "Doha QAT"]
[Date "2025.12.29"]
[Round "3.47"]
[White "Pham, Le Thao Nguyen"]
[Black "Khafizova, Diana"]
[Result "1/2-1/2"]
[WhiteTitle "IM"]
[BlackTitle "WFM"]
[WhiteElo "2348"]
[BlackElo "2234"]
[WhiteFideId "12401226"]
[BlackFideId "34378049"]
[EventDate "2025.12.29"]

1. d4 Nf6 2. Nf3 d5 3. Bf4 e6 4. e3 Bd6 5. Nbd2 O-O 6. c3 b6 7. Ne5 c5 8. Bg5 h6
9. Bh4 Ba6 10. Bxa6 Nxa6 11. Bxf6 gxf6 12. Nef3 Nb8 13. e4 cxd4 14. Nxd4 Be5 15.
N4f3 Nc6 16. O-O dxe4 17. Nxe4 f5 18. Ng3 Bg7 19. Qe2 Qc7 20. Rfd1 Rad8 21. h3
Ne5 22. Nd4 Ng6 23. Nh5 Bxd4 24. cxd4 Nf4 25. Qf3 Nxh5 26. Qxh5 Kh7 27. d5 Qe7
28. Rac1 Rg8 29. dxe6 Rxd1+ 30. Rxd1 fxe6 31. Qf3 Rg7 32. Re1 Qf6 33. Qc6 Re7
34. b4 Qf7 35. a4 e5 36. b5 e4 37. Qc3 Qg6 38. Qe3 Rg7 39. g3 Qh5 40. Kh2 Qg5
41. Rd1 Qxe3 42. fxe3 Rc7 43. g4 Kg6 44. Kg3 fxg4 45. hxg4 Rc4 46. Rd6+ Kg5 47.
Rd5+ Kg6 48. Kf4 Rxa4 49. Rd6+ Kg7 50. Rd7+ Kg6 51. Rd6+ Kg7 52. Kf5 Ra5 53.
Rd7+ Kf8 54. Kg6 Rxb5 55. Kxh6 a5 56. g5 Rb1 57. g6 Rh1+ 58. Kg5 a4 59. Kf6 Rf1+
60. Kg5 b5 61. g7+ Kg8 62. Kg6 Rg1+ 63. Kf6 Rf1+ 64. Kg6 Rg1+ 65. Kf6 Kh7 66.
Ra7 Rg6+ 67. Kf5 Rxg7 68. Ra5 Rb7 69. Kxe4 Kg7 70. Kd5 Kf6 71. e4 Ke7 72. e5 Rb8
73. Ra7+ Ke8 74. Kd6 Rd8+ 75. Ke6 Rb8 76. Kf6 b4 77. Rxa4 b3 78. Ra1 b2 79. Rb1 1/2-1/2

[Event "World Blitz Women 2025"]
[Site "Doha QAT"]
[Date "2025.12.29"]
[Round "3.48"]
[White "Priyanka, Nutakki"]
[Black "Druzhinina, Olga"]
[Result "1-0"]
[WhiteTitle "WGM"]
[BlackTitle "WFM"]
[WhiteElo "2292"]
[BlackElo "2175"]
[WhiteFideId "25049615"]
[BlackFideId "4141911"]
[EventDate "2025.12.29"]

1. d4 Nf6 2. c4 g6 3. h4 h5 4. Nc3 d5 5. Nf3 Bg7 6. Bg5 dxc4 7. e3 c5 8. Bxc4
Nc6 9. d5 Na5 10. Bb5+ Bd7 11. Bxd7+ Qxd7 12. Ne5 Qc7 13. Qa4+ Kf8 14. Bf4 Qd8
15. Rd1 Ne8 16. Nd7+ Kg8 17. Nxc5 b6 18. Nb3 Nb7 19. O-O Kh7 20. Ne4 Ned6 21.
Ng5+ Kg8 22. e4 Bxb2 23. e5 Nf5 24. e6 Nbd6 25. exf7+ Nxf7 26. Ne6 Qe8 27. Qe4
Rc8 28. Nbd4 Rc4 29. Qe2 Rxd4 30. Qxb2 Rxd1 31. Rxd1 Rh7 32. Rc1 N7d6 33. Rc7
Rf7 34. Ng5 Rf8 1-0

[Event "World Blitz Women 2025"]
[Site "Doha QAT"]
[Date "2025.12.29"]
[Round "3.49"]
[White "Jiang, Tianyu"]
[Black "Sawan, Eman"]
[Result "1-0"]
[BlackTitle "WFM"]
[WhiteElo "2224"]
[BlackElo "1960"]
[WhiteFideId "8627215"]
[BlackFideId "11511729"]
[EventDate "2025.12.29"]

1. e4 c5 2. Nc3 d6 3. d4 cxd4 4. Qxd4 Nf6 5. b3 Nc6 6. Qd2 g6 7. Bb2 h5 8. O-O-O
e5 9. Kb1 Nd4 10. Nge2 Bh6 11. Qe1 Nc6 12. f3 a6 13. Ba3 Qa5 14. Bxd6 Be6 15.
Nd5 Bxd5 16. Qxa5 Nxa5 17. exd5 O-O-O 18. Bxe5 Bg7 19. c4 Rhe8 20. Bc3 Nc6 21.
Nd4 Ne5 22. Kc2 b5 23. Bd3 Kb7 24. cxb5 Nxd5 25. bxa6+ Ka7 26. Bb2 Nxd3 27. Kxd3
Nb4+ 28. Kc4 Rb8 1-0

[Event "World Blitz Women 2025"]
[Site "Doha QAT"]
[Date "2025.12.29"]
[Round "3.50"]
[White "Mkrtchian, Lilit"]
[Black "Dwilewicz, Katarzyna"]
[Result "0-1"]
[WhiteTitle "IM"]
[BlackTitle "WFM"]
[WhiteElo "2366"]
[BlackElo "2185"]
[WhiteFideId "13300601"]
[BlackFideId "1148486"]
[EventDate "2025.12.29"]

1. Nf3 d5 2. b3 c5 3. e3 Nc6 4. Bb2 a6 5. g3 Qc7 6. c4 d4 7. exd4 cxd4 8. Nxd4
Nxd4 9. Bxd4 Qc6 10. f3 Bf5 11. Nc3 O-O-O 12. Be3 e5 13. Bg2 Bd3 14. Nd5 Nf6 15.
Nxf6 Qxf6 16. Kf2 h5 17. h4 Qg6 18. b4 Bxb4 19. Qb3 a5 20. a3 Bc2 21. Qb2 Bxd2
22. Bh3+ Kb8 23. Qxe5+ Qd6 24. Qxd6+ Rxd6 25. Bc5 Rc6 26. Bd4 f6 27. c5 Rd8 28.
Be3 Bxe3+ 29. Kxe3 Rxc5 30. Rhe1 Re5+ 31. Kf2 Rd2+ 32. Kg1 Rxe1+ 33. Rxe1 Rd1
34. Kf2 Rxe1 35. Kxe1 Kc7 36. Kd2 Bb3 37. Kc3 Bd5 38. f4 Kd6 39. Kd4 b5 40. Bf1
b4 41. axb4 axb4 42. Be2 g6 43. Bd3 f5 44. Bb5 Bf7 45. Bc4 Bxc4 46. Kxc4 b3 47.
Kxb3 Kd5 48. Kc3 Ke4 49. Kc4 Kf3 50. Kd4 Kxg3 51. Ke5 Kg4 0-1

[Event "World Blitz Women 2025"]
[Site "Doha QAT"]
[Date "2025.12.29"]
[Round "3.51"]
[White "Krush, Irina"]
[Black "Kaliakhmet, Elnaz"]
[Result "1/2-1/2"]
[WhiteTitle "GM"]
[BlackTitle "WIM"]
[WhiteElo "2402"]
[BlackElo "2329"]
[WhiteFideId "2012782"]
[BlackFideId "13730169"]
[EventDate "2025.12.29"]

1. d4 d5 2. c4 e6 3. Nc3 a6 4. cxd5 exd5 5. Qb3 c5 6. Qxd5 cxd4 7. Qxd8+ Kxd8 8.
Nd5 Be6 9. Nf4 Bb4+ 10. Bd2 Bxd2+ 11. Kxd2 Nc6 12. g3 Nf6 13. Bg2 Rc8 14. Ngh3
Ke7 15. Nxe6 fxe6 16. Nf4 e5 17. Nd5+ Kd6 18. Nxf6 gxf6 19. Be4 h5 20. h4 Ke6
21. Rac1 f5 22. Bxc6 Rxc6 23. e3 dxe3+ 24. Kxe3 Rhc8 25. Rxc6+ Rxc6 26. Rd1 Rc2
27. a4 Rxb2 28. Rd8 Rb3+ 29. Ke2 Rb4 30. a5 Rb5 31. Rb8 Kd5 32. Rf8 Rb2+ 33. Ke3
Rb3+ 34. Ke2 Ke4 35. Rc8 Rb2+ 36. Kf1 f4 37. gxf4 exf4 38. Kg2 Kf5 39. Rg8 Ke4
40. Re8+ Kf5 41. Rg8 Rb5 42. Kf3 Kf6 43. Rb8 Rxa5 44. Rxb7 Ra4 45. Rh7 Kg6 46.
Rh8 a5 47. Rg8+ Kf6 48. Rg5 Ra2 49. Rxh5 a4 50. Ra5 a3 51. h5 Kg7 52. Kxf4 Rxf2+
53. Kg5 Rg2+ 54. Kh4 a2 55. Ra7+ Kh6 56. Ra6+ Kg7 57. Ra7+ Kh6 58. Ra6+ Kh7 59.
Ra7+ 1/2-1/2

[Event "World Blitz Women 2025"]
[Site "Doha QAT"]
[Date "2025.12.29"]
[Round "3.52"]
[White "Miranda Rodriguez, Tania"]
[Black "Yu, Jennifer"]
[Result "0-1"]
[WhiteTitle "WIM"]
[BlackTitle "FM"]
[WhiteElo "2051"]
[BlackElo "2276"]
[WhiteFideId "3510417"]
[BlackFideId "2078341"]
[EventDate "2025.12.29"]

1. e4 g6 2. d4 Bg7 3. Nc3 d6 4. Be3 a6 5. Qd2 Nd7 6. f3 b5 7. h4 h5 8. Nh3 Ngf6
9. a3 e6 10. Bd3 c5 11. d5 exd5 12. exd5 Bb7 13. Bg5 Qe7+ 14. Kf2 O-O 15. Rae1
Ne5 16. Bh6 Bxh6 17. Qxh6 Nfg4+ 18. fxg4 Nxg4+ 19. Kf1 Qxe1+ 20. Kxe1 Nxh6 21.
Ne4 Nf5 22. Nhg5 c4 23. Be2 Kg7 24. Kd2 Bxd5 25. Nc3 Bxg2 26. Rg1 Bc6 27. Nge4
d5 28. Nc5 d4 29. N3e4 Bxe4 30. Nxe4 Rfe8 31. Bf3 Rad8 32. Nc5 c3+ 33. bxc3
dxc3+ 34. Kxc3 Re3+ 35. Kb4 Rxf3 36. Nxa6 Nd4 37. c3 Nc2+ 38. Kxb5 Rxc3 39. a4
Nd4+ 40. Kb4 Rcc8 41. Re1 Nc2+ 0-1

[Event "World Blitz Women 2025"]
[Site "Doha QAT"]
[Date "2025.12.29"]
[Round "3.53"]
[White "Toncheva, Nadya"]
[Black "Berikkyzy Alanna"]
[Result "1-0"]
[WhiteTitle "FM"]
[BlackTitle "WFM"]
[WhiteElo "2362"]
[BlackElo "2241"]
[WhiteFideId "2924056"]
[BlackFideId "13780719"]
[EventDate "2025.12.29"]

1. e4 c5 2. c3 d5 3. exd5 Qxd5 4. Nf3 Nf6 5. d4 Bg4 6. Be2 e6 7. Be3 cxd4 8.
cxd4 Nc6 9. Nc3 Bb4 10. O-O Qd6 11. h3 Bh5 12. a3 Bxc3 13. bxc3 O-O 14. Qb3 b6
15. Rfd1 Rac8 16. Rac1 Nd5 17. c4 Nxe3 18. Qxe3 Ne7 19. g4 Bg6 20. Ne5 f6 21.
Nxg6 Nxg6 22. c5 bxc5 23. dxc5 Qe7 24. c6 Rc7 25. Rc2 Ne5 26. Rdc1 Rfc8 27. Ba6
Rd8 28. f4 Nf7 29. Be2 Kh8 30. Bf3 e5 31. Re1 Qf8 32. fxe5 Nxe5 33. Bg2 Rd3 34.
Qf2 Rd6 35. Rxe5 Qf7 36. Re1 h6 37. Qe3 Rd8 38. Qe6 Qg6 39. Qe4 Qf7 40. a4 Rdc8
41. Qf5 Qb3 42. Rce2 Qb6+ 43. Kh1 Rg8 44. Re8 Qb3 45. Rxg8+ Qxg8 46. Qg6 Rc8 47.
c7 Rf8 48. Re7 Rc8 49. Bb7 Qf8 50. Qf7 1-0

[Event "World Blitz Women 2025"]
[Site "Doha QAT"]
[Date "2025.12.29"]
[Round "3.54"]
[White "Rodriguez Redondo, Adhara"]
[Black "Luong Phuong Hanh"]
[Result "1-0"]
[WhiteTitle "WFM"]
[BlackTitle "WIM"]
[WhiteElo "2207"]
[BlackElo "2236"]
[WhiteFideId "32065698"]
[BlackFideId "12401013"]
[EventDate "2025.12.29"]

1. e4 c5 2. Nf3 e6 3. d4 cxd4 4. Nxd4 a6 5. c4 Nf6 6. Nc3 Qc7 7. a3 b6 8. Bd3
Bb7 9. O-O Be7 10. Be3 O-O 11. f4 d6 12. Kh1 Nbd7 13. Rc1 Rac8 14. b4 Qb8 15.
Qe1 Rfe8 16. Qg3 Bf8 17. Nf3 d5 18. cxd5 exd5 19. e5 Ne4 20. Bxe4 dxe4 21. Ng5
h6 22. Ngxe4 Kh8 23. Rfd1 Red8 24. Qg4 Qa8 25. Nd6 Bxd6 26. Rxd6 Nf8 27. Bxb6
Re8 28. Be3 Ne6 29. Rd7 Rf8 30. f5 Nd8 31. e6 fxe6 32. Qxg7# 1-0

[Event "World Blitz Women 2025"]
[Site "Doha QAT"]
[Date "2025.12.29"]
[Round "3.55"]
[White "Girya, Olga"]
[Black "Sharma, Isha"]
[Result "1-0"]
[WhiteTitle "GM"]
[BlackTitle "WIM"]
[WhiteElo "2398"]
[BlackElo "2245"]
[WhiteFideId "4195752"]
[BlackFideId "35006665"]
[EventDate "2025.12.29"]

1. d4 Nf6 2. c4 e6 3. Nc3 Bb4 4. Qc2 O-O 5. e3 d5 6. Nf3 c6 7. a3 Bxc3+ 8. Qxc3
Re8 9. Bd3 Nbd7 10. O-O Nf8 11. b4 Ng6 12. Qc2 Bd7 13. Bb2 Rc8 14. Rac1 Qe7 15.
h3 Red8 16. Rfd1 Be8 17. Qb1 Nd7 18. c5 f5 19. a4 a6 20. b5 axb5 21. axb5 Nh4
22. Nxh4 Qxh4 23. Bc3 Bh5 24. Re1 Nf6 25. Ba5 Rf8 26. bxc6 bxc6 27. Qb7 Ne4 28.
Rc2 Ng5 29. Bf1 f4 30. exf4 Qxf4 31. Bc3 Bg6 32. Ra2 Ne4 33. Re3 Nxc3 34. Rxc3
Qxd4 35. Re3 e5 36. Ra7 Bf7 37. Rf3 Rce8 38. Rxf7 1-0

[Event "World Blitz Women 2025"]
[Site "Doha QAT"]
[Date "2025.12.29"]
[Round "3.56"]
[White "Karimova, Guldona"]
[Black "Mammadova, Gulnar"]
[Result "0-1"]
[WhiteTitle "WIM"]
[BlackTitle "IM"]
[WhiteElo "2288"]
[BlackElo "2330"]
[WhiteFideId "14210410"]
[BlackFideId "13403508"]
[EventDate "2025.12.29"]

1. e4 e5 2. Nf3 Nc6 3. Bc4 Nf6 4. d3 Bc5 5. O-O d6 6. c3 a6 7. a4 Ba7 8. h3 h6
9. Re1 O-O 10. Be3 Be6 11. Nbd2 Bxe3 12. fxe3 d5 13. exd5 Nxd5 14. Bxd5 Qxd5 15.
Qe2 f5 16. e4 Qc5+ 17. Qf2 Qxf2+ 18. Kxf2 Rad8 19. exf5 Bxf5 20. Nc4 Bxd3 21.
Nxe5 Nxe5 22. Rxe5 Bc4 23. Kg1 Bd5 24. Nd4 c5 25. Nf5 Kh7 26. Rae1 Bc6 27. Ng3
Rd2 28. R1e2 Rxe2 29. Nxe2 Rd8 30. Rxc5 Rd2 31. Re5 Rxb2 32. a5 Rc2 33. Re3 Ra2
34. Re5 Kg6 35. g4 Kf6 36. Rf5+ Ke7 37. Re5+ Kd6 38. Re3 Rxa5 39. Nd4 Ra1+ 40.
Kf2 Bd7 41. Rd3 Kc7 42. c4 a5 43. Kg3 a4 44. c5 Rc1 45. Nf3 Rxc5 46. Re3 Ra5 47.
Nd4 a3 48. Re1 a2 49. Ra1 b5 50. Kf2 Ra3 51. Kg2 b4 52. Nc2 Ra4 53. Nxb4 Rxb4
54. Rxa2 Kd6 55. Ra7 Rb3 56. Kh2 g5 57. Ra5 Rb6 58. Ra2 Be6 59. Rf2 Ke7 60. Re2
Ra6 61. Re3 Kf6 62. Rf3+ Ke7 63. Rc3 Ra2+ 64. Kg3 Bd5 65. h4 Rb2 66. Rc5 Kd6 67.
Rc8 Rb3+ 68. Kh2 gxh4 69. Rh8 Ke5 70. Rxh6 Kf4 71. Rxh4 Rb2+ 72. Kh3 Bg2+ 73.
Kh2 Bf1+ 74. Kg1 Kg3 75. Rh8 Rb1 76. Rf8 Bc4+ 0-1

[Event "World Blitz Women 2025"]
[Site "Doha QAT"]
[Date "2025.12.29"]
[Round "3.57"]
[White "Dimitrijevic, Aleksandra"]
[Black "Nandhidhaa, P V"]
[Result "1/2-1/2"]
[WhiteTitle "WGM"]
[BlackTitle "WGM"]
[WhiteElo "2063"]
[BlackElo "2257"]
[WhiteFideId "929239"]
[BlackFideId "5050847"]
[EventDate "2025.12.29"]

1. d4 Nf6 2. c4 g6 3. g3 Bg7 4. Bg2 d6 5. Nf3 O-O 6. O-O Nbd7 7. Nc3 e5 8. e4
Re8 9. Re1 exd4 10. Nxd4 c6 11. Bf4 Ne5 12. b3 Qe7 13. Qd2 Bd7 14. Rad1 Rad8 15.
Bg5 Bc8 16. h3 Qf8 17. Kh1 h6 18. Be3 Kh7 19. f4 Ned7 20. Qc2 Nc5 21. Bf2 a6 22.
b4 Ne6 23. Nf3 Bd7 24. Bb6 Rc8 25. e5 Nh5 26. Bf2 d5 27. cxd5 cxd5 28. Qb2 Rc4
29. a3 Rec8 30. Rc1 d4 31. Nd5 Rxc1 32. Rxc1 Rxc1+ 33. Qxc1 Bc6 34. Nxd4 Nxd4
35. Bxd4 Nxg3+ 36. Kh2 Nf5 37. Bf2 Qd8 38. Qc5 g5 1/2-1/2

[Event "World Blitz Women 2025"]
[Site "Doha QAT"]
[Date "2025.12.29"]
[Round "3.58"]
[White "Kulon, Klaudia"]
[Black "Fawaz, Nadia"]
[Result "1-0"]
[WhiteTitle "IM"]
[BlackTitle "WFM"]
[WhiteElo "2335"]
[BlackElo "1957"]
[WhiteFideId "1131044"]
[BlackFideId "5309743"]
[EventDate "2025.12.29"]

1. c4 e5 2. g3 Nf6 3. Bg2 c6 4. Nc3 Bb4 5. e4 d6 6. Nge2 Be6 7. d3 O-O 8. O-O c5
9. Nd5 Bxd5 10. cxd5 Nbd7 11. h3 Rc8 12. f4 c4 13. dxc4 Rxc4 14. b3 Rc8 15. fxe5
dxe5 16. Kh1 Nc5 17. a3 Ba5 18. b4 Ncxe4 19. bxa5 Qxa5 20. Qd3 Nc5 21. Qe3 e4
22. Bb2 Nxd5 23. Qd4 Nb3 24. Qxg7# 1-0

[Event "World Blitz Women 2025"]
[Site "Doha QAT"]
[Date "2025.12.29"]
[Round "3.59"]
[White "Wafa, Shahenda"]
[Black "Chen, Yining"]
[Result "0-1"]
[WhiteTitle "WGM"]
[BlackTitle "FM"]
[WhiteElo "2074"]
[BlackElo "2278"]
[WhiteFideId "10609962"]
[BlackFideId "8620946"]
[EventDate "2025.12.29"]

1. e4 e6 2. d4 d5 3. Nc3 Bb4 4. Ne2 dxe4 5. a3 Be7 6. Nxe4 Nf6 7. Nxf6+ Bxf6 8.
Be3 Nc6 9. c3 b6 10. Nf4 Bb7 11. Nh5 Qd5 12. Nxf6+ gxf6 13. Qc2 O-O-O 14. O-O-O
Ne7 15. f3 f5 16. Bd3 Rhg8 17. Rhg1 h5 18. c4 Qd6 19. h4 f6 20. Qa4 Kb8 21. Kb1
Rg7 22. Rc1 Qc6 23. Qb3 a6 24. Rc2 Rdg8 25. Qc3 Qd7 26. Qb4 Nc6 27. Qc3 Rd8 28.
d5 Ne5 29. Be2 exd5 30. cxd5 Qd6 31. Bf4 Ka7 32. g4 fxg4 33. fxg4 hxg4 34. Bxg4
Rdg8 35. Rcg2 Qxd5 36. Bxe5 fxe5 37. Bf3 Rxg2 38. Rxg2 Qf7 39. Rxg8 Qxg8 40.
Qxc7 Qg6+ 41. Ka1 e4 42. Bd1 Qg1 43. Qc1 e3 44. Kb1 Be4+ 45. Bc2 Bxc2+ 46. Kxc2
Qf2+ 47. Kd1 e2+ 48. Kd2 e1=Q+ 49. Kd3 Qxc1 0-1

[Event "World Blitz Women 2025"]
[Site "Doha QAT"]
[Date "2025.12.29"]
[Round "3.60"]
[White "Lesbekova, Assel"]
[Black "Kiolbasa, Oliwia"]
[Result "0-1"]
[WhiteTitle "WCM"]
[BlackTitle "IM"]
[WhiteElo "1948"]
[BlackElo "2397"]
[WhiteFideId "13713248"]
[BlackFideId "1154613"]
[EventDate "2025.12.29"]

1. e4 e5 2. Nf3 Nc6 3. Nc3 Nf6 4. d4 exd4 5. Nxd4 Bc5 6. Be3 Bb4 7. Nxc6 bxc6 8.
Qd4 Bxc3+ 9. Qxc3 O-O 10. f3 Re8 11. O-O-O a5 12. Bd4 a4 13. a3 Ba6 14. Bxf6
gxf6 15. g4 Bxf1 16. Rhxf1 Qe7 17. h4 Rab8 18. Rg1 Qe6 19. Kb1 Rb5 20. Rd4 c5
21. Rxa4 Reb8 22. g5 f5 23. Ra5 Rxb2+ 24. Qxb2 Rxb2+ 25. Kxb2 Qb6+ 26. Ka2 Qxa5
27. exf5 Qc3 28. Rb1 Qxc2+ 29. Rb2 Qxf5 30. a4 c4 0-1

[Event "World Blitz Women 2025"]
[Site "Doha QAT"]
[Date "2025.12.29"]
[Round "3.61"]
[White "Mikheeva, Galina"]
[Black "Mkrtchyan, Mariam"]
[Result "0-1"]
[WhiteTitle "FM"]
[BlackTitle "WIM"]
[WhiteElo "2122"]
[BlackElo "2353"]
[WhiteFideId "44108320"]
[BlackFideId "13310828"]
[EventDate "2025.12.29"]

1. e4 e5 2. Nf3 Nc6 3. Nc3 Nf6 4. d4 exd4 5. Nxd4 Bb4 6. Nxc6 bxc6 7. Qd4 Qe7 8.
f3 Bc5 9. Qd3 h6 10. Bf4 d6 11. O-O-O O-O 12. Na4 Bb6 13. g4 Be6 14. Kb1 Nd7 15.
Qc3 Rfb8 16. h4 Nc5 17. Nxb6 Rxb6 18. b3 a5 19. Be3 a4 20. Bxc5 dxc5 21. Kb2 Rb4
22. Be2 Rab8 23. g5 h5 24. Kc1 axb3 25. axb3 c4 26. Bxc4 Bxc4 27. bxc4 Qc5 28.
Kd2 Qf2+ 29. Kd3 Rd8+ 0-1

[Event "World Blitz Women 2025"]
[Site "Doha QAT"]
[Date "2025.12.29"]
[Round "3.62"]
[White "Gu, Xiaobing"]
[Black "Zvereva, Marija"]
[Result "1-0"]
[WhiteTitle "WGM"]
[BlackTitle "WIM"]
[WhiteElo "2106"]
[BlackElo "2007"]
[WhiteFideId "8602611"]
[BlackFideId "4121082"]
[EventDate "2025.12.29"]

1. d4 Nf6 2. Nc3 d6 3. e4 Nbd7 4. Nf3 e5 5. Bc4 Be7 6. O-O O-O 7. h3 exd4 8.
Nxd4 Nc5 9. Re1 Re8 10. Qf3 Bf8 11. Bg5 Be7 12. Rad1 Ncd7 13. Nf5 Ne5 14. Qe2
Nxc4 15. Nxe7+ Qxe7 16. Nd5 Qe5 17. Bxf6 gxf6 18. Qxc4 c6 19. Nc7 Qg5 20. Kh1
Be6 21. Qd3 d5 22. Nxa8 Rxa8 23. Re3 Kh8 24. Qd4 Qh6 25. Rf3 Kg7 26. exd5 Bxd5
27. Rg3+ Kh8 28. c4 Be6 29. Rdd3 Re8 30. Rdf3 Qc1+ 31. Kh2 Qh6 32. Rxf6 1-0

[Event "World Blitz Women 2025"]
[Site "Doha QAT"]
[Date "2025.12.29"]
[Round "3.63"]
[White "Serikbay, Assel"]
[Black "Khalil, Manar"]
[Result "1-0"]
[WhiteTitle "WIM"]
[BlackTitle "WFM"]
[WhiteElo "2221"]
[BlackElo "1925"]
[WhiteFideId "13706799"]
[BlackFideId "7604661"]
[EventDate "2025.12.29"]

1. d4 d5 2. c4 dxc4 3. Nf3 Nf6 4. e3 e6 5. Bxc4 a6 6. a4 Nbd7 7. O-O c5 8. Nc3
Bd6 9. Qe2 O-O 10. Rd1 Qc7 11. h3 b6 12. b3 Bb7 13. Bb2 Rfd8 14. d5 e5 15. e4
Nf8 16. Nh4 Ng6 17. Nf5 Bf8 18. Bc1 Bc8 19. Bg5 Bxf5 20. exf5 Nf4 21. Qf3 Qd6
22. Ne4 Nxe4 23. Bxd8 Nxf2 24. Qxf2 Rxd8 25. Bxa6 Qf6 26. Bc4 Qxf5 27. Rf1 Qg5
28. Qf3 Bd6 29. Qg4 Qxg4 30. hxg4 g6 31. Kf2 Kg7 32. g3 Nh3+ 33. Ke3 Ng5 34. a5
bxa5 35. Rxa5 e4 36. Rfa1 Be5 37. R1a2 Bd4+ 38. Ke2 Nf3 39. Ra8 Rd7 40. R2a7 Rd6
41. Ra6 Rd7 42. R8a7 Rd8 43. Re7 Ne5 44. d6 Nxc4 45. bxc4 e3 46. Rc6 Kf6 47. Re4
Rd7 48. Kf3 g5 49. Re8 Be5 50. Kxe3 Bxd6 51. Ke4 Kg7 52. Kf5 h6 53. Re3 Be7 54.
Re4 Bd6 55. Rc8 Bf8 56. Ree8 1-0

[Event "World Blitz Women 2025"]
[Site "Doha QAT"]
[Date "2025.12.29"]
[Round "3.64"]
[White "Krasteva, Beloslava"]
[Black "Alsemairi, Dalia"]
[Result "1-0"]
[WhiteTitle "FM"]
[BlackTitle "WCM"]
[WhiteElo "2339"]
[BlackElo "1802"]
[WhiteFideId "2922029"]
[BlackFideId "21511217"]
[EventDate "2025.12.29"]

1. d4 d5 2. c4 e6 3. Nc3 c6 4. e3 Nf6 5. Nf3 Be7 6. Be2 O-O 7. O-O Nbd7 8. b3
Qc7 9. Bb2 b6 10. Rc1 Bb7 11. Bd3 h6 12. h3 Rfe8 13. Qe2 c5 14. cxd5 exd5 15.
Rfd1 Bd6 16. Nb5 Qb8 17. Nxd6 Qxd6 18. Ba3 Rac8 19. dxc5 bxc5 20. Bb5 Re7 21.
Rd2 Qe6 22. Rdc2 Ne4 23. Bxd7 Rxd7 24. Bxc5 Nxc5 25. Rxc5 Rxc5 26. Rxc5 Qd6 27.
Rc1 Ba6 28. Qd2 Qf6 29. Nd4 Bb7 30. Qa5 Qg6 31. Qxa7 Re7 32. Qb8+ Kh7 33. a4 Ba6
34. Qb4 Bd3 35. Qxe7 Be4 36. f3 Bf5 37. Nxf5 Qxf5 38. Qc5 Qg6 39. Qc2 Qxc2 40.
Rxc2 Kg6 41. a5 Kf6 42. a6 1-0

[Event "World Blitz Women 2025"]
[Site "Doha QAT"]
[Date "2025.12.29"]
[Round "3.65"]
[White "Skaslien, Ingrid"]
[Black "Li, Xueyi"]
[Result "0-1"]
[BlackTitle "WGM"]
[WhiteElo "2029"]
[BlackElo "2202"]
[WhiteFideId "1520660"]
[BlackFideId "8605912"]
[EventDate "2025.12.29"]

1. d4 d5 2. c4 e6 3. Nc3 c6 4. cxd5 exd5 5. Bf4 Nf6 6. e3 Bd6 7. Bg5 Bf5 8. Bd3
Bxd3 9. Qxd3 O-O 10. Nge2 Nbd7 11. O-O Qc7 12. h3 Rfe8 13. Rac1 Qb6 14. b3 Ne4
15. Bh4 Nf8 16. f3 Nxc3 17. Nxc3 Bb4 18. Bf2 Qd8 19. Ne2 Ng6 20. Ng3 a5 21. Ra1
Bd6 22. Rab1 Bxg3 23. Bxg3 Qg5 24. Bf2 Nh4 25. Bxh4 Qxh4 26. Rbe1 Re6 27. e4
dxe4 28. fxe4 Rae8 29. e5 Qd8 30. Qc4 h6 31. Kh1 R8e7 32. Rf4 Qd5 33. Qxd5 cxd5
34. Rc1 Rc6 35. Rxc6 bxc6 36. Rf2 Rb7 37. Rc2 Rb4 38. Rxc6 Rxd4 39. Ra6 Re4 40.
Rxa5 Rxe5 41. Ra8+ Kh7 42. Rd8 Kg6 43. Kg1 Kf6 44. Kf2 Ke7 45. Ra8 Rf5+ 46. Ke3
Kd6 47. b4 Rf1 48. Ra6+ Ke5 49. b5 Rb1 50. a4 Rb3+ 51. Ke2 Ke4 52. Ra7 Rb2+ 53.
Ke1 d4 54. Re7+ Kd3 55. Rxf7 Rb1+ 56. Kf2 Kd2 57. Rd7 d3 58. Rd6 Rb4 59. b6 Rxa4
60. b7 Rf4+ 61. Kg3 Rb4 62. Rd7 Ke2 63. Re7+ Kd1 64. Rd7 d2 65. Kf3 Rb3+ 66. Kf2
g5 67. g3 h5 68. Rd5 Rxb7 69. Rxg5 Rf7+ 70. Ke3 Re7+ 71. Kd3 Rd7+ 72. Ke3 Ke1
73. Ra5 Re7+ 0-1

[Event "World Blitz Women 2025"]
[Site "Doha QAT"]
[Date "2025.12.29"]
[Round "3.66"]
[White "Abrar Mohammed Ahmad Almalki"]
[Black "Olde, Margareth"]
[Result "0-1"]
[BlackTitle "WIM"]
[WhiteElo "1826"]
[BlackElo "2214"]
[WhiteFideId "21543143"]
[BlackFideId "4503082"]
[EventDate "2025.12.29"]

1. e4 d6 2. Nf3 Nf6 3. Nc3 e5 4. d4 Nbd7 5. dxe5 dxe5 6. Bb5 c6 7. Ba4 Bc5 8.
Bb3 O-O 9. O-O b5 10. Re1 a5 11. a4 b4 12. Ne2 Qb6 13. Be3 Bxe3 14. fxe3 Qxe3+
15. Kh1 Nxe4 16. Rf1 Nf2+ 17. Rxf2 Qxf2 18. Ng3 Qc5 19. Qd3 Nf6 20. Ng5 h6 21.
N5e4 Nxe4 22. Nxe4 Qe7 23. Rf1 Be6 24. Bxe6 Qxe6 25. b3 Rad8 26. Qe3 f5 27. Nc5
Qd5 28. Nd3 Rde8 29. Qb6 f4 30. Qb7 0-1

[Event "World Blitz Women 2025"]
[Site "Doha QAT"]
[Date "2025.12.29"]
[Round "3.67"]
[White "Echcharbiny, Wissal"]
[Black "Gaboyan, Susanna"]
[Result "0-1"]
[BlackTitle "WIM"]
[WhiteElo "1726"]
[BlackElo "2182"]
[WhiteFideId "9014853"]
[BlackFideId "13303627"]
[EventDate "2025.12.29"]

1. d4 Nf6 2. e3 g6 3. Bd3 Bg7 4. f4 O-O 5. Nf3 d6 6. Nbd2 Nbd7 7. O-O e5 8. Qe2
Qe7 9. Ne4 Nxe4 10. Bxe4 Nf6 11. Nd2 Nxe4 12. Nxe4 exd4 13. Ng3 dxe3 14. c3 Re8
15. Re1 Bd7 16. Qxe3 Qh4 17. Qf2 Rxe1+ 18. Qxe1 Re8 19. Qf1 Bc6 20. Bd2 Qf6 21.
Re1 Rxe1 22. Qxe1 Qe6 23. Qxe6 fxe6 24. Ne2 Kf7 25. Kf2 e5 26. g3 e4 27. Ke3 d5
28. Nc1 Bf8 29. Nb3 b6 30. Nd4 Bb7 31. Nb5 Bc5+ 32. Ke2 Ba6 33. a4 c6 34. b4 Be7
35. Ke3 cxb5 36. axb5 Bxb5 37. Kd4 Bc4 38. Ke3 a5 39. Kf2 a4 40. Bc1 Bf6 41. Bb2
a3 42. Ba1 Ke6 43. Ke3 Kd6 44. Kd2 g5 45. Ke3 gxf4+ 46. Kxf4 Be5+ 47. Ke3 Ke6
48. Kf2 Kf5 49. h3 h5 50. Kg2 e3 51. Kf3 e2 52. Kf2 Bxg3+ 0-1

[Event "World Blitz Women 2025"]
[Site "Doha QAT"]
[Date "2025.12.29"]
[Round "3.68"]
[White "Al-Khulaifi, Ghada"]
[Black "Parnali, S Dharia"]
[Result "0-1"]
[WhiteTitle "WCM"]
[BlackTitle "WIM"]
[WhiteElo "1630"]
[BlackElo "2150"]
[WhiteFideId "12100633"]
[BlackFideId "5043131"]
[EventDate "2025.12.29"]

1. d4 d5 2. c4 e6 3. Nc3 Nf6 4. Bf4 a6 5. e3 c5 6. Nf3 Nc6 7. Be2 dxc4 8. Bxc4
b5 9. Bd3 Bb7 10. O-O Bd6 11. Bxd6 Qxd6 12. dxc5 Qxc5 13. Rc1 Qb6 14. Qe2 O-O
15. e4 e5 16. Nd5 Qd8 17. Nxf6+ Qxf6 18. Rc5 Rad8 19. Rfc1 Rd6 20. Nd2 Nd4 21.
Qe3 h6 22. Rc7 Ba8 23. f4 exf4 24. Qf2 Qe5 25. R7c5 Qe7 26. e5 Rd7 27. Qxf4 Ne6
28. Qb4 Nxc5 29. Rxc5 Rxd3 30. Ne4 Bxe4 31. Qxe4 Qxc5+ 0-1